Villes du Centre-Val-de-Loire de plus de 10 000 habitants - Statistiques

Statistiques générales
  • Ce quiz a été pris 107 fois
  • Le résultat moyen est 20 sur 34
Statistiques - réponses
Département Ville Population % Correct
45 Orléans 116617
100%
37 Tours 137658
100%
18 Bourges 63702
97%
41 Blois 46813
96%
28 Chartres 38447
96%
36 Châteauroux 42968
94%
18 Vierzon 25348
89%
28 Dreux 30879
85%
37 Joué-lès-Tours 38183
79%
45 Montargis 15061
76%
45 Olivet 22855
73%
41 Vendôme 15747
70%
28 Châteaudun 12909
65%
37 Amboise 12938
63%
45 Fleury-les-Aubrais 21438
58%
36 Issoudun 10992
58%
37 Saint-Pierre-des-Corps 15909
58%
41 Romorantin-Lanthenay 18115
56%
45 Saran 16679
54%
45 Saint-Jean-de-Braye 21700
49%
45 Gien 13387
48%
45 Saint-Jean-de-la-Ruelle 16594
46%
37 Chambray-lès-Tours 11589
44%
28 Lucé 15602
41%
37 Saint-Avertin 15000
39%
37 Saint-Cyr-sur-Loire 17004
39%
37 La Riche 10325
30%
45 Amilly 13267
28%
28 Mainvilliers 11057
28%
28 Vernouillet 12455
28%
37 Fondettes 10741
27%
45 La Chapelle-Saint-Mesmin 10218
27%
37 Montlouis-sur-Loire 11048
25%
45 Châlette-sur-Loing 12728
23%
Aucun quiz correspondant
Distribution des résultats
% des personnes avec chaque résultat
Percentile par nombre de réponses
Votre historique - résultats
Vous n’avez pas pris ce quiz